[Event "DSOL 06 Liga Gr-D 1st"]
[Site "Playchess.com INT"]
[Date "2020.07.24"]
[Round "5.2"]
[White "Hoffmann, Kay"]
[Black "Reinhard, Kynast"]
[Result "1-0"]
[WhiteElo "1692"]
[BlackElo "1666"]
[PlyCount "67"]
[EventDate "2020.06.22"]
[EventType "team-tourn (rapid)"]
[EventCountry "GER"]
[SourceTitle "EXT 2021"]
[Source "ChessBase"]
[SourceDate "2020.10.23"]
[SourceVersion "1"]
[SourceVersionDate "2020.10.23"]
[SourceQuality "1"]
[WhiteTeam "Barnim"]
[BlackTeam "Brackweda II"]
[WhiteTeamCountry "GER"]
[BlackTeamCountry "GER"]

1. f4 e5 2. fxe5 d6 3. exd6 Bxd6 4. Nf3 g5 5. d4 g4 6. Ne5 Qh4+ 7. g3 Qf6 8. Bf4 Ne7 9. Bg2 Ng6 10. Nxg6 hxg6 11. Bxd6 Qxd6 12. Nc3 f5 13. Qd2 Nc6 14. 0-0-0 a6 15. e4 Ne7 16. Rde1 Nc6 17. exf5+ Kf7 18. fxg6+ Kxg6 19. Qd3+ Kg7 20. d5 Ne7 21. Qd4+ Qf6 22. Rxe7+ Kg6 23. Be4+ Bf5 24. Bxf5+ Qxf5 25. Qg7+ Kh5 26. Re5 Qxe5 27. Qxe5+ Kg6 28. Rf1 Rhf8 29. Qe4+ Kh6 30. Qe6+ Kh7 31. Qe7+ Kg8 32. Qe6+ Kh8 33. Rf7 Rxf7 34. Qxf7 1-0